<?xml version="1.0" encoding="UTF-8"?><?xml-stylesheet type="text/xsl" href="static/style.xsl"?><OAI-PMH xmlns="http://www.openarchives.org/OAI/2.0/" xmlns:xsi="http://www.w3.org/2001/XMLSchema-instance" xsi:schemaLocation="http://www.openarchives.org/OAI/2.0/ http://www.openarchives.org/OAI/2.0/OAI-PMH.xsd"><responseDate>2026-06-07T17:25:52Z</responseDate><request verb="GetRecord" identifier="oai:docta.ucm.es:20.500.14352/125462" metadataPrefix="marc">https://docta.ucm.es/rest/oai/request</request><GetRecord><record><header><identifier>oai:docta.ucm.es:20.500.14352/125462</identifier><datestamp>2025-10-31T01:07:56Z</datestamp><setSpec>com_20.500.14352_14</setSpec><setSpec>col_20.500.14352_21</setSpec></header><metadata><record xmlns="http://www.loc.gov/MARC21/slim" xmlns:dcterms="http://purl.org/dc/terms/" xmlns:xsi="http://www.w3.org/2001/XMLSchema-instance" xmlns:doc="http://www.lyncode.com/xoai" xsi:schemaLocation="http://www.loc.gov/MARC21/slim http://www.loc.gov/standards/marcxml/schema/MARC21slim.xsd">
   <leader>00925njm 22002777a 4500</leader>
   <datafield ind2=" " ind1=" " tag="042">
      <subfield code="a">dc</subfield>
   </datafield>
   <datafield ind2=" " ind1=" " tag="720">
      <subfield code="a">Calvo Capilla, Susana</subfield>
      <subfield code="e">author</subfield>
   </datafield>
   <datafield ind2=" " ind1=" " tag="260">
      <subfield code="c">2021</subfield>
   </datafield>
   <datafield ind2=" " ind1=" " tag="520">
      <subfield code="a">In 1267–1269, the first Mamluk sultan al-Ẓāhir Baybarṣ ordered the construction of a great Friday mosque in Cairo. Its formal and typological features inspired by the Syrian architecture established a symbolic connection with the classic Islamic caliphates (Umayyad and Abbasid) to strengthen and legitimise his sovereignty over Egypt and Syria. In 1335, Sultan al-Nāṣir Muḥammad ibn Qalāwūn (d.1341) reconstructed the great mosque of the citadel of Cairo following Baybarṣ’ model. The revival of the hypostyle prayer hall, the association of dome plus basilica, as well as the use of glass-mosaics and spolia materials are some of the visual strategies and sources of self-affirmation analysed in this chapter in the light of previous practice in the tenth century in al-Andalus Umayyad caliphate.</subfield>
   </datafield>
   <datafield ind1="8" ind2=" " tag="024">
      <subfield code="a">Calvo Capilla, S. (2021). Spolia and Classical Revivals in Legitimacy Discourses: From Cordoba to the Mamluk Mosques of Cairo. In: Marcos Cobaleda, M. (eds) Artistic and Cultural Dialogues in the Late Medieval Mediterranean. Mediterranean Perspectives. Palgrave Macmillan.</subfield>
   </datafield>
   <datafield ind1="8" ind2=" " tag="024">
      <subfield code="a">978-3-030-53365-6</subfield>
   </datafield>
   <datafield ind1="8" ind2=" " tag="024">
      <subfield code="a">978-3-030-53366-3</subfield>
   </datafield>
   <datafield ind1="8" ind2=" " tag="024">
      <subfield code="a">10.1007/978-3-030-53366-3</subfield>
   </datafield>
   <datafield ind1="8" ind2=" " tag="024">
      <subfield code="a">https://hdl.handle.net/20.500.14352/125462</subfield>
   </datafield>
   <datafield ind1="8" ind2=" " tag="024">
      <subfield code="a">https://doi.org/10.1007/978-3-030-53366-3</subfield>
   </datafield>
   <datafield ind1="8" ind2=" " tag="024">
      <subfield code="a">https://link.springer.com/chapter/10.1007/978-3-030-53366-3_3</subfield>
   </datafield>
   <datafield ind2="0" ind1="0" tag="245">
      <subfield code="a">Spolia and Classical Revivals in Legitimacy Discourses: From Cordoba to the Mamluk Mosques of Cairo</subfield>
   </datafield>
</record></metadata></record></GetRecord></OAI-PMH>